MARC

LEADER 00000nam0a2200000 4500
001 266300
005 20231101234005.0
035 |a (RuTPU)RU\TPU\book\289319 
090 |a 266300 
100 |a 20140707d1986 km y0rusy50 ca 
101 0 |a rus 
102 |a RU 
105 |a a z 001zy 
200 1 |a Безопасность труда слесаря механо-сборочных работ  |f С. В. Белов, Л. Л. Морозова 
210 |a Москва  |c Машиностроение  |d 1986 
215 |a 104 с.  |c ил. 
225 1 |a Библиотека рабочего-машиностроителя по охране труда 
320 |a Библиогр.: с. 101. 
606 1 |a Механосборочные цеха  |x Охрана труда  |2 stltpush  |3 (RuTPU)RU\TPU\subj\43618  |9 63094 
610 1 |a слесарно-механическая обработка 
610 1 |a слесарно-сборочные работы 
610 1 |a техника безопасности 
610 1 |a требования 
610 1 |a безопасность труда 
610 1 |a первая помощь 
675 |a 621.757:658.3  |v 3 
700 1 |a Белов  |b С. В.  |g Сергей Викторович 
701 1 |a Морозова  |b Л. Л.  |g Людмила Львовна 
801 1 |a RU  |b 63413507  |c 20140707 
801 2 |a RU  |b 63413507  |c 20151027  |g RCR 
942 |c BK